[Event "Holnada ch femenino"]
[Site "Leeuwarden NED"]
[Date "2005.09.05"]
[Round "1.1"]
[White "Peng, Zhaoqin"]
[Black "Schuurman, Petra"]
[Result "1/2-1/2"]
[WhiteElo "2405"]
[BlackElo "2266"]
[PlyCount "94"]
[EventDate "2005.09.05"]
[EventType "tourn"]
[EventRounds "10"]
[EventCountry "NED"]
[Source "lmi"]
[SourceDate "2005.09.19"]

1. e4 c6 2. d4 d5 3. f3 e5 4. dxe5 Bc5 5. Nc3 Qb6 6. Na4 Qa5+ 7. c3 Bxg1 8.
Rxg1 dxe4 9. Bf4 Ne7 10. b4 Qd5 11. c4 Qxd1+ 12. Rxd1 Ng6 13. Bg3 Nd7 14. e6
fxe6 15. fxe4 e5 16. Be2 Nf6 17. Nc5 O-O 18. Bf3 b6 19. Nd3 Re8 20. Kf2 Ba6 21.
Rc1 Rad8 22. Ke3 Bc8 23. h3 Re7 24. Rgd1 Bd7 25. Rd2 Be8 26. a4 Red7 27. Rcc2
Bf7 28. Nxe5 Nxe5 29. Bxe5 Rxd2 30. Rxd2 Rxd2 31. Kxd2 Bxc4 32. Kc3 Nd7 33. Bd6
Be6 34. e5 c5 35. b5 Kf7 36. Bc6 g5 37. g4 h5 38. gxh5 Bxh3 39. Kd3 Ke6 40. Ke3
Bf5 41. h6 Nxe5 42. Bb8 Nxc6 43. bxc6 a6 44. Ba7 Kd6 45. Bxb6 Kxc6 46. Bd8 c4
47. Bxg5 c3 1/2-1/2

[Event "Holnada ch femenino"]
[Site "Leeuwarden NED"]
[Date "2005.09.05"]
[Round "1.2"]
[White "Bensdorp, Laura"]
[Black "Muhren, Bianca"]
[Result "1-0"]
[WhiteElo "2108"]
[BlackElo "2269"]
[PlyCount "87"]
[EventDate "2005.09.05"]
[EventType "tourn"]
[EventRounds "10"]
[EventCountry "NED"]
[Source "lmi"]
[SourceDate "2005.09.19"]

1. e4 c5 2. Nf3 e6 3. d4 cxd4 4. Nxd4 Nf6 5. Nc3 d6 6. g4 h6 7. h3 Nc6 8. Be3
a6 9. f4 d5 10. e5 Nd7 11. Qd2 Qc7 12. O-O-O Bb4 13. Kb1 Nc5 14. Nxc6 Ne4 15.
Nxb4 Nxd2+ 16. Rxd2 O-O 17. Bd4 Bd7 18. Nd3 Qa5 19. Nc5 Bc6 20. Nb3 Qc7 21. h4
b5 22. Rg1 b4 23. Ne2 a5 24. Bc5 Rfc8 25. Nbd4 Bd7 26. Bd6 Qb6 27. Nc1 a4 28.
Rgg2 Qa5 29. Rd1 Ra7 30. h5 b3 31. cxb3 axb3 32. a3 Ba4 33. g5 Rc2 34. gxh6
Rxg2 35. Bxg2 gxh6 36. Bf1 f5 37. exf6 Kf7 38. Be5 Ra8 39. Bd3 Rg8 40. Bg6+
Rxg6 41. hxg6+ Kxg6 42. Rg1+ Kh5 43. f7 Qc5 44. Bg7 1-0

[Event "Holnada ch femenino"]
[Site "Leeuwarden NED"]
[Date "2005.09.05"]
[Round "1.3"]
[White "Van Weersel, Arlette"]
[Black "Bensdorp, Marlies"]
[Result "1/2-1/2"]
[WhiteElo "2173"]
[BlackElo "2225"]
[PlyCount "78"]
[EventDate "2005.09.05"]
[EventType "tourn"]
[EventRounds "10"]
[EventCountry "NED"]
[Source "lmi"]
[SourceDate "2005.09.19"]

1. e4 e6 2. d3 d5 3. Nd2 Nf6 4. Ngf3 b6 5. g3 dxe4 6. dxe4 Bc5 7. Bg2 Ba6 8. h3
O-O 9. e5 Nd5 10. c4 Nb4 11. O-O Bb7 12. Nb3 Be7 13. Bd2 a5 14. Bc3 N8a6 15. a3
Nc6 16. Qe2 Qc8 17. Rfd1 Rd8 18. Nh2 a4 19. Rxd8+ Qxd8 20. Rd1 Qe8 21. Nd2 Rd8
22. Ne4 Nc5 23. Ng4 Nxe4 24. Bxe4 Rxd1+ 25. Qxd1 Nd8 26. Bxb7 Nxb7 27. Qf3 Nc5
28. h4 Qd8 29. Ne3 h6 30. Nc2 Qd3 31. Qxd3 Nxd3 32. Kf1 Bc5 33. f3 Kf8 34. Ke2
Nc1+ 35. Kd1 Nb3 36. h5 Ke8 37. Ke2 Nc1+ 38. Kd1 Nb3 39. Ke2 Nc1+ 1/2-1/2

[Event "Holnada ch femenino"]
[Site "Leeuwarden NED"]
[Date "2005.09.06"]
[Round "2.2"]
[White "Schuurman, Petra"]
[Black "Bensdorp, Marlies"]
[Result "1/2-1/2"]
[WhiteElo "2266"]
[BlackElo "2225"]
[PlyCount "103"]
[EventDate "2005.09.05"]
[EventType "tourn"]
[EventRounds "10"]
[EventCountry "NED"]
[Source "lmi"]
[SourceDate "2005.09.19"]

1. d4 d5 2. c4 c6 3. Nc3 Nf6 4. e3 e6 5. Bd3 Nbd7 6. Nf3 dxc4 7. Bxc4 b5 8. Be2
Bb7 9. O-O a6 10. e4 c5 11. e5 Nd5 12. a4 b4 13. Ne4 h6 14. Nfd2 N5b6 15. a5
Nc8 16. Bd3 Nxe5 17. Bc2 Qxd4 18. Ba4+ Ke7 19. Re1 Nd6 20. Nxc5 Qxc5 21. Nb3
Qd5 22. Qxd5 Bxd5 23. Rxe5 Ne4 24. f3 Nd6 25. Bf4 g5 26. Bg3 Nc4 27. Re2 Bg7
28. Rb1 Rhc8 29. Be1 Rab8 30. Bf2 Rb7 31. Nc5 Rbb8 32. Nxa6 Ra8 33. Nxb4 Rxa5
34. Nxd5+ Rxd5 35. h4 Bd4 36. hxg5 hxg5 37. Bb3 Bxf2+ 38. Kxf2 Rb5 39. Bxc4
Rxc4 40. b3 Rc3 41. Re3 Rc2+ 42. Re2 Rc3 43. b4 Kd6 44. Rd2+ Ke5 45. Re1+ Kf6
46. Rb2 g4 47. Re4 gxf3 48. gxf3 Ke7 49. Re3 Rc4 50. Re4 Rc3 51. Re3 Rc4 52.
Re4 1/2-1/2

[Event "Holnada ch femenino"]
[Site "Leeuwarden NED"]
[Date "2005.09.06"]
[Round "2.3"]
[White "Muhren, Bianca"]
[Black "Van Weersel, Arlette"]
[Result "1-0"]
[WhiteElo "2269"]
[BlackElo "2173"]
[PlyCount "79"]
[EventDate "2005.09.05"]
[EventType "tourn"]
[EventRounds "10"]
[EventCountry "NED"]
[Source "lmi"]
[SourceDate "2005.09.19"]

1. e4 e5 2. Nf3 Nc6 3. d4 exd4 4. Nxd4 Qf6 5. Be3 Bc5 6. c3 Nge7 7. g3 d5 8.
Bg2 dxe4 9. O-O Bxd4 10. cxd4 O-O 11. Nc3 Be6 12. Nxe4 Qg6 13. Nc3 Rfd8 14. Re1
a6 15. Rc1 Nd5 16. a3 Nce7 17. Ne4 b6 18. b4 a5 19. b5 Rac8 20. Qe2 c6 21. bxc6
Rxc6 22. Rxc6 Nxc6 23. Rc1 Nce7 24. Nd2 h6 25. Nf3 Qf6 26. Ne5 Bf5 27. Qb5 Qd6
28. Qb3 Be6 29. Qb2 Rc8 30. Rxc8+ Bxc8 31. Qb5 Nc7 32. Qb2 Be6 33. Bf4 Ncd5 34.
Nxf7 Qd7 35. Ne5 Qa4 36. Bf3 Nxf4 37. gxf4 Nd5 38. f5 Nf4 39. fxe6 Nxe6 40. Qa2
1-0

[Event "Holnada ch femenino"]
[Site "Leeuwarden NED"]
[Date "2005.09.07"]
[Round "3.1"]
[White "Bensdorp, Laura"]
[Black "Schuurman, Petra"]
[Result "1/2-1/2"]
[WhiteElo "2108"]
[BlackElo "2266"]
[PlyCount "141"]
[EventDate "2005.09.05"]
[EventType "tourn"]
[EventRounds "10"]
[EventCountry "NED"]
[Source "lmi"]
[SourceDate "2005.09.19"]

1. e4 c6 2. Nf3 d5 3. exd5 cxd5 4. Ne5 Nc6 5. d4 Nf6 6. Bb5 Bd7 7. Nxd7 Qxd7 8.
c3 e6 9. O-O Bd6 10. Re1 O-O 11. Nd2 Qc7 12. Nf3 Ne7 13. Bd3 Ng6 14. g3 a6 15.
Qe2 b5 16. a3 Rab8 17. Ne5 Bxe5 18. dxe5 Nd7 19. f4 Rfe8 20. Be3 Nc5 21. Bc2 a5
22. h4 Ne4 23. Kh2 Rb7 24. Bd4 Nc5 25. Qf2 Nd7 26. Re2 Ndf8 27. g4 Ne7 28. h5
Rc8 29. h6 gxh6 30. Qh4 Nc6 31. Be3 Ng6 32. Qxh6 Ncxe5 33. fxe5 Qxe5+ 34. Kg2
Rc4 35. Rh1 Rxg4+ 36. Kf1 f5 37. Bf2 Qd6 38. Bxf5 exf5 39. Re8+ Kf7 40. Qxh7+
Kxe8 41. Qxb7 Qf4 42. Qc8+ Kf7 43. Rh7+ Kf6 44. Qd8+ Ke6 45. Qd7+ Kf6 46. Qd8+
Ke6 47. Qg8+ Kf6 48. Qg7+ Kg5 49. Qh6+ Kf6 50. Qxf4 Rxf4 51. Rb7 Ne5 52. Ke2
Re4+ 53. Kf1 b4 54. Rb5 bxc3 55. bxc3 a4 56. Rxd5 Ke6 57. Rd8 Nc4 58. Bc5 f4
59. Kf2 Kf5 60. Ra8 Re5 61. Bb4 Nb2 62. Rf8+ Ke4 63. Bd6 Nd3+ 64. Ke2 Re6 65.
Bc7 Nc1+ 66. Kd1 Nd3 67. Ke2 Re7 68. Bd6 Re6 69. Bc7 Re7 70. Bd6 Re6 71. Bc7
1/2-1/2

[Event "Holnada ch femenino"]
[Site "Leeuwarden NED"]
[Date "2005.09.07"]
[Round "3.2"]
[White "Van Weersel, Arlette"]
[Black "Peng, Zhaoqin"]
[Result "0-1"]
[WhiteElo "2173"]
[BlackElo "2405"]
[PlyCount "58"]
[EventDate "2005.09.05"]
[EventType "tourn"]
[EventRounds "10"]
[EventCountry "NED"]
[Source "lmi"]
[SourceDate "2005.09.19"]

1. e4 c5 2. c4 Nc6 3. Ne2 Nf6 4. Nbc3 e6 5. d4 cxd4 6. Nxd4 Bb4 7. Nxc6 bxc6 8.
Bd3 e5 9. O-O O-O 10. Qa4 Bxc3 11. bxc3 c5 12. Bg5 h6 13. Bh4 g5 14. Bg3 d6 15.
Rfd1 Qc7 16. Rd2 Rb8 17. Qd1 Be6 18. h4 Rfd8 19. Qf3 Qe7 20. Re1 Kg7 21. hxg5
hxg5 22. Bh2 Rh8 23. Qd1 Rh6 24. f3 Rbh8 25. Bg3 Nh5 26. Bh2 g4 27. fxg4 Nf6
28. g5 Rxh2 29. gxf6+ Qxf6 0-1

[Event "Holnada ch femenino"]
[Site "Leeuwarden NED"]
[Date "2005.09.07"]
[Round "3.3"]
[White "Bensdorp, Marlies"]
[Black "Muhren, Bianca"]
[Result "1/2-1/2"]
[WhiteElo "2225"]
[BlackElo "2269"]
[PlyCount "49"]
[EventDate "2005.09.05"]
[EventType "tourn"]
[EventRounds "10"]
[EventCountry "NED"]
[Source "lmi"]
[SourceDate "2005.09.19"]

1. d4 d5 2. c4 e5 3. dxe5 d4 4. Nf3 Nc6 5. g3 Nge7 6. Bg2 Ng6 7. Bg5 Qd7 8. e6
fxe6 9. O-O h6 10. Bc1 Be7 11. Nbd2 O-O 12. Ne4 Nge5 13. Nxe5 Nxe5 14. b3 c5
15. Bb2 Nc6 16. Qd2 Qc7 17. Rad1 e5 18. Ba3 b6 19. Nc3 Bb7 20. Nd5 Qd7 21. Be4
Bf6 22. Qc2 Ne7 23. Nxe7+ Qxe7 24. Bc1 Rab8 25. Bxb7 1/2-1/2

[Event "Holnada ch femenino"]
[Site "Leeuwarden NED"]
[Date "2005.09.08"]
[Round "4.2"]
[White "Muhren, Bianca"]
[Black "Peng, Zhaoqin"]
[Result "0-1"]
[WhiteElo "2269"]
[BlackElo "2405"]
[PlyCount "80"]
[EventDate "2005.09.05"]
[EventType "tourn"]
[EventRounds "10"]
[EventCountry "NED"]
[Source "lmi"]
[SourceDate "2005.09.19"]

1. e4 c5 2. Nf3 Nc6 3. d4 cxd4 4. Nxd4 e6 5. Be3 Nf6 6. Nc3 Bb4 7. f3 d5 8. Bb5
Qc7 9. O-O O-O 10. exd5 Bxc3 11. dxc6 Bxb2 12. Rb1 Nd5 13. cxb7 Bxb7 14. Qd3
Nxe3 15. Qxe3 Bc3 16. Ne2 Ba5 17. Kh1 Bb6 18. Qd2 Rad8 19. Bd3 Ba6 20. Rb3 Qe7
21. Qf4 Bxd3 22. cxd3 Rd5 23. Qg3 Rc8 24. Nf4 Ra5 25. Rb2 h6 26. Re2 Qf6 27.
Nh3 Qd4 28. Nf2 Rg5 29. Qh3 Re5 30. Rxe5 Qxe5 31. Ne4 Rc2 32. a4 Ra2 33. g3
Rxa4 34. f4 Qd5 35. Qg2 Qxd3 36. Nd2 g6 37. Nf3 Qd5 38. Rc1 Ra2 39. Qf1 Rf2 40.
Rc8+ Kh7 0-1

[Event "Holnada ch femenino"]
[Site "Leeuwarden NED"]
[Date "2005.09.09"]
[Round "5.2"]
[White "Bensdorp, Laura"]
[Black "Van Weersel, Arlette"]
[Result "1/2-1/2"]
[WhiteElo "2108"]
[BlackElo "2173"]
[PlyCount "98"]
[EventDate "2005.09.05"]
[EventType "tourn"]
[EventRounds "10"]
[EventCountry "NED"]
[Source "lmi"]
[SourceDate "2005.09.19"]

1. e4 e5 2. Nf3 Nc6 3. d4 exd4 4. Nxd4 Qf6 5. Be3 Bc5 6. Nb5 Bxe3 7. fxe3 Qh4+
8. g3 Qd8 9. Qg4 Kf8 10. Qf4 d6 11. N1c3 Nge7 12. Bc4 Ne5 13. Be2 N7g6 14. Qf1
Bg4 15. O-O-O Bxe2 16. Qxe2 Qd7 17. h3 a6 18. Nd4 Re8 19. g4 Rg8 20. Rhf1 Ke7
21. Nf5+ Kd8 22. Nd5 Kc8 23. Qe1 Kb8 24. Qc3 Qc6 25. Qd4 Qc5 26. b3 Nc6 27.
Qxc5 dxc5 28. Nh6 gxh6 29. Nf6 Nge5 30. Nxg8 Rxg8 31. Rf5 Rg5 32. Rd5 b6 33. a3
Kc8 34. Kd1 Rxf5 35. exf5 f6 36. Ke2 a5 37. Rd1 Nf7 38. Kf2 Nd6 39. Kf3 Kd7 40.
Kf4 Ke7 41. h4 Nf7 42. Rd2 Na7 43. Rd1 Nb5 44. a4 Nbd6 45. c4 c6 46. Ra1 Kd7
47. Ra2 Kc7 48. Rc2 Nb7 49. Ke4 Nbd6+ 1/2-1/2

[Event "Holnada ch femenino"]
[Site "Leeuwarden NED"]
[Date "2005.09.12"]
[Round "6.1"]
[White "Bensdorp, Marlies"]
[Black "Van Weersel, Arlette"]
[Result "1-0"]
[WhiteElo "2225"]
[BlackElo "2173"]
[PlyCount "81"]
[EventDate "2005.09.05"]
[EventType "tourn"]
[EventRounds "10"]
[EventCountry "NED"]
[Source "lmi"]
[SourceDate "2005.09.19"]

1. d4 Nf6 2. c4 g6 3. f3 d5 4. cxd5 Nxd5 5. e4 Nb6 6. Be3 Bg7 7. Nc3 O-O 8. Qd2
e5 9. d5 c6 10. h4 cxd5 11. exd5 f5 12. h5 f4 13. Bc5 Re8 14. hxg6 hxg6 15. Bd3
Bf5 16. O-O-O N8d7 17. Bf2 Rc8 18. Be4 Na4 19. Nge2 b5 20. Kb1 Qa5 21. d6 Bxe4+
22. Nxe4 b4 23. Qd3 Re6 24. Qb3 Rce8 25. Rc1 Nab6 26. Ng5 Qd5 27. Qxd5 Nxd5 28.
Nxe6 Rxe6 29. Rc8+ Kf7 30. Rd1 Rxd6 31. Bxa7 Bf8 32. Bf2 g5 33. g4 N5f6 34.
Rxf8+ Nxf8 35. Rxd6 e4 36. Nd4 exf3 37. Rxf6+ Kxf6 38. Nxf3 Nd7 39. Bd4+ Ke6
40. Kc2 Kd5 41. Kd3 1-0

[Event "Holnada ch femenino"]
[Site "Leeuwarden NED"]
[Date "2005.09.13"]
[Round "7.1"]
[White "Van Weersel, Arlette"]
[Black "Muhren, Bianca"]
[Result "0-1"]
[WhiteElo "2173"]
[BlackElo "2269"]
[PlyCount "88"]
[EventDate "2005.09.05"]
[EventType "tourn"]
[EventRounds "10"]
[EventCountry "NED"]
[Source "lmi"]
[SourceDate "2005.09.19"]

1. e4 c5 2. c4 Nc6 3. Ne2 Nf6 4. Nbc3 e6 5. d4 cxd4 6. Nxd4 Bb4 7. Nxc6 bxc6 8.
Bd3 e5 9. O-O O-O 10. Qc2 Bc5 11. Rb1 a5 12. Na4 Bd4 13. c5 h6 14. Bd2 d5 15.
Nb6 dxe4 16. Bxe4 Nxe4 17. Qxe4 Ba6 18. Nxa8 Bxf1 19. Rxf1 Qxa8 20. Qc2 Qa7 21.
b4 axb4 22. Bxb4 Ra8 23. a3 Qa4 24. Qe4 Bxc5 25. Rc1 Bxb4 26. axb4 c5 27. g3
cxb4 28. Rb1 Rb8 29. Qxe5 Qb5 30. Qxb5 Rxb5 31. Kf1 Kh7 32. Ke2 Kg6 33. Kd3 Rb7
34. f3 Kf5 35. Rb2 g5 36. h3 Ke5 37. Rb3 Kd5 38. Rb1 f5 39. Rb2 Rb6 40. Rb3 Kc5
41. Kc2 Re6 42. f4 gxf4 43. gxf4 Re2+ 44. Kd1 Rf2 0-1

[Event "Holnada ch femenino"]
[Site "Leeuwarden NED"]
[Date "2005.09.13"]
[Round "7.2"]
[White "Bensdorp, Laura"]
[Black "Peng, Zhaoqin"]
[Result "0-1"]
[WhiteElo "2108"]
[BlackElo "2405"]
[PlyCount "80"]
[EventDate "2005.09.05"]
[EventType "tourn"]
[EventRounds "10"]
[EventCountry "NED"]
[Source "lmi"]
[SourceDate "2005.09.19"]

1. e4 e6 2. d4 d5 3. Nc3 Nf6 4. e5 Nfd7 5. f4 c5 6. Nf3 Nc6 7. Be3 a6 8. Qd2 b5
9. dxc5 Bxc5 10. Nd4 Qb6 11. O-O-O O-O 12. Bg1 Bb7 13. h4 Rac8 14. Rh3 Bxd4 15.
Bxd4 Qa5 16. Kb1 b4 17. Ne2 Nc5 18. Bxc5 Qxc5 19. c3 a5 20. Nd4 Qb6 21. Nxc6
Bxc6 22. Qd4 Rb8 23. cxb4 Qxb4 24. Rb3 Qxd4 25. Rxd4 Rxb3 26. axb3 f6 27. exf6
gxf6 28. Rd1 Rb8 29. Re1 Kf7 30. Kc2 Ke7 31. Bd3 Kd6 32. g4 e5 33. fxe5+ fxe5
34. Rf1 e4 35. Be2 Bb5 36. Bxb5 Rxb5 37. Kc3 Rb7 38. Rf5 Kc5 39. Re5 Rf7 40. g5
Rf3+ 0-1

[Event "Holnada ch femenino"]
[Site "Leeuwarden NED"]
[Date "2005.09.13"]
[Round "7.3"]
[White "Bensdorp, Marlies"]
[Black "Schuurman, Petra"]
[Result "1-0"]
[WhiteElo "2225"]
[BlackElo "2266"]
[PlyCount "105"]
[EventDate "2005.09.05"]
[EventType "tourn"]
[EventRounds "10"]
[EventCountry "NED"]
[Source "lmi"]
[SourceDate "2005.09.19"]

1. d4 Nf6 2. c4 e6 3. Nf3 c5 4. d5 b5 5. dxe6 fxe6 6. cxb5 d5 7. Nc3 Bb7 8. e4
d4 9. e5 Nfd7 10. Nb1 Be7 11. Nbd2 O-O 12. Bd3 a6 13. O-O axb5 14. Bxb5 Bd5 15.
Bc4 Nc6 16. Re1 Nb6 17. Bxd5 exd5 18. Nf1 Qe8 19. Bd2 Nc4 20. b3 Nxd2 21. N1xd2
Qg6 22. a3 Rf4 23. b4 c4 24. Nf1 Raf8 25. Ng3 d3 26. Kh1 d4 27. b5 Na5 28. Qa4
Qb6 29. Red1 Rc8 30. Rac1 Rff8 31. Ne4 Rfd8 32. Nd6 Bxd6 33. exd6 Rxd6 34. Rxd3
Rdd8 35. Rxd4 Rxd4 36. Nxd4 Qxd4 37. Qxa5 c3 38. b6 c2 39. Qe1 Qc4 40. b7 Rd8
41. h3 Qc7 42. Qe2 Qxb7 43. Qxc2 Rf8 44. Kg1 h6 45. a4 Qb6 46. Qc4+ Kh7 47. Qc5
Qf6 48. a5 Rd8 49. Qc2+ Kh8 50. Rb1 Qf4 51. a6 Qd4 52. Qc7 Rf8 53. Rb8 1-0

[Event "Holnada ch femenino"]
[Site "Leeuwarden NED"]
[Date "2005.09.14"]
[Round "8.1"]
[White "Peng, Zhaoqin"]
[Black "Van Weersel, Arlette"]
[Result "1-0"]
[WhiteElo "2405"]
[BlackElo "2173"]
[PlyCount "139"]
[EventDate "2005.09.05"]
[EventType "tourn"]
[EventRounds "10"]
[EventCountry "NED"]
[Source "lmi"]
[SourceDate "2005.09.19"]

1. d4 Nf6 2. Nf3 g6 3. c4 Bg7 4. Nc3 d5 5. e3 O-O 6. b4 a5 7. b5 c6 8. Ba3 Be6
9. cxd5 Nxd5 10. Qd2 Nb6 11. Be2 Nc4 12. Qc1 Nxa3 13. Qxa3 cxb5 14. Nxb5 Nc6
15. O-O Nb4 16. Rfc1 Bf5 17. Qb3 Rc8 18. Bc4 h6 19. a3 Nc6 20. Nc3 Rb8 21. h3
e5 22. Rd1 exd4 23. Rac1 Ne5 24. Nxd4 Bd7 25. Bb5 Nc6 26. Nf3 Be6 27. Qa4 Qf6
28. Ne4 Qe7 29. Nc5 Bf5 30. e4 Bc8 31. Rc2 Ne5 32. Nxe5 Qxe5 33. Nd3 Qg5 34.
Rc5 Qe7 35. Rdc1 b6 36. Rc7 Qg5 37. Bd7 Bxd7 38. Rxd7 Rbd8 39. Rcc7 Rxd7 40.
Rxd7 Rd8 41. f4 Qh4 42. Kh2 Rxd7 43. Qxd7 Bf8 44. a4 Qe7 45. Qd5 Qd6 46. Qxd6
Bxd6 47. Kg3 Kf8 48. Kf3 Ke7 49. e5 Bc7 50. Ke4 Kd7 51. Kd5 h5 52. g4 hxg4 53.
hxg4 Bd8 54. Nb2 Bh4 55. Nc4 Bf2 56. Nd6 Ke7 57. f5 gxf5 58. gxf5 Bg1 59. f6+
Kf8 60. Nc4 Ke8 61. e6 fxe6+ 62. Kxe6 Bc5 63. Ne5 Bb4 64. Nd7 b5 65. axb5 Kd8
66. Nb6 Bc5 67. Na4 Bb4 68. b6 Kc8 69. Kf7 Bd6 70. Ke8 1-0

[Event "Holnada ch femenino"]
[Site "Leeuwarden NED"]
[Date "2005.09.14"]
[Round "8.3"]
[White "Muhren, Bianca"]
[Black "Bensdorp, Marlies"]
[Result "1/2-1/2"]
[WhiteElo "2269"]
[BlackElo "2225"]
[PlyCount "48"]
[EventDate "2005.09.05"]
[EventType "tourn"]
[EventRounds "10"]
[EventCountry "NED"]
[Source "lmi"]
[SourceDate "2005.09.19"]

1. e4 e6 2. d4 d5 3. Nd2 dxe4 4. Nxe4 Nd7 5. Nf3 Ngf6 6. Bd3 Nxe4 7. Bxe4 Nf6
8. Bg5 Be7 9. Bd3 c5 10. dxc5 Bxc5 11. O-O O-O 12. Qe2 Qc7 13. c4 h6 14. Bd2 b6
15. Rad1 Bb7 16. Bc3 Rfd8 17. Ne5 Rac8 18. Rfe1 Qe7 19. Ng4 Nxg4 20. Qxg4 Qg5
21. Qxg5 hxg5 22. Kf1 Kf8 23. Bc2 Ba6 24. b3 Be7 1/2-1/2

[Event "Holnada ch femenino"]
[Site "Leeuwarden NED"]
[Date "2005.09.15"]
[Round "9.1"]
[White "Muhren, Bianca"]
[Black "Schuurman, Petra"]
[Result "1/2-1/2"]
[WhiteElo "2269"]
[BlackElo "2266"]
[PlyCount "115"]
[EventDate "2005.09.05"]
[EventType "tourn"]
[EventRounds "10"]
[EventCountry "NED"]
[Source "lmi"]
[SourceDate "2005.09.19"]

1. e4 g6 2. d4 Bg7 3. Nf3 c6 4. c4 d5 5. Nc3 dxe4 6. Nxe4 Bg4 7. Be3 Nh6 8. Qd2
Bxf3 9. gxf3 Nf5 10. O-O-O Nd7 11. Bh3 Nxe3 12. fxe3 O-O 13. f4 e6 14. Kb1 Qe7
15. Qc2 Rac8 16. Rhe1 Rfd8 17. Bg2 a5 18. c5 b6 19. cxb6 Nxb6 20. Nc5 Nd5 21.
Rc1 Rb8 22. Nd3 Rb6 23. Ne5 Bxe5 24. fxe5 Rdb8 25. Bxd5 cxd5 26. Re2 Rb4 27.
Qc7 Qxc7 28. Rxc7 R4b7 29. Rec2 Kg7 30. Rxb7 Rxb7 31. Rc5 Ra7 32. Kc2 g5 33. b3
h5 34. Kd3 Kg6 35. e4 dxe4+ 36. Kxe4 f5+ 37. exf6 Kxf6 38. h4 a4 39. Rxg5 axb3
40. axb3 Rb7 41. Rg3 Rb4 42. Rf3+ Ke7 43. Rd3 Kd6 44. Rg3 Ke7 45. Rc3 Kd6 46.
Rf3 Rb5 47. Rg3 Rb4 48. Rg5 Rxb3 49. Rxh5 Rb1 50. Ra5 Ke7 51. h5 Rh1 52. Rg5
Kf6 53. Rg6+ Ke7 54. Rh6 Re1+ 55. Kf4 Rf1+ 56. Ke3 Re1+ 57. Kd2 Rh1 58. Ke3
1/2-1/2

[Event "Holnada ch femenino"]
[Site "Leeuwarden NED"]
[Date "2005.09.15"]
[Round "9.2"]
[White "Bensdorp, Marlies"]
[Black "Peng, Zhaoqin"]
[Result "1/2-1/2"]
[WhiteElo "2225"]
[BlackElo "2405"]
[PlyCount "64"]
[EventDate "2005.09.05"]
[EventType "tourn"]
[EventRounds "10"]
[EventCountry "NED"]
[Source "lmi"]
[SourceDate "2005.09.19"]

1. d4 d5 2. c4 e6 3. Nf3 Be7 4. Nc3 Nf6 5. Bg5 h6 6. Bh4 O-O 7. e3 b6 8. Bd3
Bb7 9. O-O Nbd7 10. cxd5 Nxd5 11. Bxe7 Qxe7 12. Nxd5 Bxd5 13. Rc1 c5 14. Bb1
Rac8 15. e4 Bb7 16. Qe2 Rfd8 17. dxc5 Nxc5 18. Rfd1 a5 19. b3 Rxd1+ 20. Rxd1
Rd8 21. Rxd8+ Qxd8 22. Qd2 Qa8 23. Qd6 Bxe4 24. Qxb6 Qd5 25. Qb8+ Kh7 26. Bxe4+
Nxe4 27. h3 Qd1+ 28. Kh2 Nxf2 29. Qe5 Qd5 30. Qxd5 exd5 31. Ne5 d4 32. Kg3 Ne4+
1/2-1/2

[Event "Holnada ch femenino"]
[Site "Leeuwarden NED"]
[Date "2005.09.16"]
[Round "10.1"]
[White "Peng, Zhaoqin"]
[Black "Muhren, Bianca"]
[Result "1/2-1/2"]
[WhiteElo "2405"]
[BlackElo "2269"]
[PlyCount "98"]
[EventDate "2005.09.05"]
[EventType "tourn"]
[EventRounds "10"]
[EventCountry "NED"]
[Source "lmi"]
[SourceDate "2005.09.19"]

1. d4 d5 2. c4 dxc4 3. e3 c5 4. Bxc4 cxd4 5. exd4 Nf6 6. Nf3 e6 7. O-O Be7 8.
Nc3 O-O 9. Re1 Nc6 10. a3 a6 11. Bf4 b5 12. d5 exd5 13. Bxd5 Bb7 14. Bxc6 Bxc6
15. Qxd8 Bxd8 16. Nd4 Bd7 17. Rad1 Re8 18. Rxe8+ Bxe8 19. Kf1 Bd7 20. f3 Rc8
21. Be5 Kf8 22. Bd6+ Be7 23. Bxe7+ Kxe7 24. Ke2 Be6 25. g4 h6 26. h4 g6 27. Ke3
Rc5 28. Rd2 Bd7 29. Kd3 Be6 30. Re2 Nd5 31. Nxd5+ Rxd5 32. Rc2 Kd7 33. Ke4 Rd6
34. Rc5 Rb6 35. b4 Rd6 36. g5 hxg5 37. hxg5 Ba2 38. Ke5 Rb6 39. Rc2 Bc4 40. Rh2
Rd6 41. f4 a5 42. Rd2 axb4 43. axb4 Rd5+ 44. Ke4 Rd6 45. Rd1 Kc7 46. Ra1 Kb7
47. Ra5 Rd5 48. Ke3 Bf1 49. Ke4 Bc4 1/2-1/2

[Event "Holnada ch femenino"]
[Site "Leeuwarden NED"]
[Date "2005.09.16"]
[Round "10.2"]
[White "Bensdorp, Laura"]
[Black "Bensdorp, Marlies"]
[Result "1/2-1/2"]
[WhiteElo "2108"]
[BlackElo "2225"]
[PlyCount "29"]
[EventDate "2005.09.05"]
[EventType "tourn"]
[EventRounds "10"]
[EventCountry "NED"]
[Source "lmi"]
[SourceDate "2005.09.19"]

1. e4 e6 2. d4 d5 3. exd5 exd5 4. Bd3 Nc6 5. c3 Bd6 6. Ne2 Nge7 7. O-O Bg4 8.
Qb3 Qc8 9. Qc2 Bf5 10. Bf4 Bxd3 11. Qxd3 Bxf4 12. Nxf4 O-O 13. Nd2 Qd7 14. Rfe1
Rfe8 15. Nf3 1/2-1/2